| 000 | 00387nam a22001577a 4500 | ||
|---|---|---|---|
| 003 | BD-ChCU | ||
| 005 | 20260505104216.0 | ||
| 008 | 260505b bg ||||| |||| 00| 0 ben d | ||
| 040 | _cBD-ChCU | ||
| 082 | _aREF 709 TRE | ||
| 245 | _aTreasures of the louver ./ | ||
| 260 |
_aLondon : _bNicolson , _cC 1966 |
||
| 300 | _a351p. | ||
| 650 | 0 |
_aArt - History . _922373 |
|
| 942 |
_2ddc _cBK _n0 |
||
| 999 |
_c112669 _d112669 |
||